Organizácia a riadenie technickej normalizácie v n.p. Mototrans Banská Bystrica záverečná práca postgraduálneho štúdia

Salvato in:
Dettagli Bibliografici
Autore principale: Čabrák, Peter
Ente Autore: Vysoká škola ekonomická v Bratislave
Altri autori: Macko, Ján
Natura: Libro
Lingua:slovacco
Pubblicazione: Bratislava 1989
Tags: Aggiungi Tag
Nessun Tag, puoi essere il primo ad aggiungerne!!

MARC

LEADER 00000nam a2200000 4500
001 c032492
005 20230116104810.4
041 0 |a slo 
044 |a SK 
245 1 0 |a Organizácia a riadenie technickej normalizácie v n.p. Mototrans Banská Bystrica  |b záverečná práca postgraduálneho štúdia  |c Peter Čabrák ; Ved. práce Ján Macko 
264 1 |a Bratislava  |c 1989 
300 |a 84 s. 
100 1 |a Čabrák, Peter 
700 1 |a Macko, Ján 
710 2 |a Vysoká škola ekonomická v Bratislave